| 000 | 00309nam a22001097a 4500 | ||
|---|---|---|---|
| 008 | 160618b xxu||||| |||| 00| 0 eng d | ||
| 100 |
_929 _aParent, N |
||
| 245 |
_aOodies of Poodles _bJo-Jo's Cirus Train |
||
| 260 |
_aChina _bParadisepress _c1998 |
||
| 300 | _aOodies of Poodles: Jo-Jo's Cirus Train | ||
| 942 |
_2ddc _cBK |
||
| 999 |
_c26 _d26 |
||